header

The art of crossing cultures (Record no. 137729)

MARC details
000 -LEADER
fixed length control field 01204nam a2200325Ia 4500
082 04 - DEWEY DECIMAL CLASSIFICATION NUMBER
Classification number 303.482
100 1# - MAIN ENTRY--AUTHOR NAME
Personal name Storti, Craig.
245 14 - TITLE STATEMENT
Title The art of crossing cultures
250 ## - EDITION STATEMENT
Edition statement 2nd ed.
260 ## - PUBLICATION, DISTRIBUTION, ETC. (IMPRINT)
Place of publication Boston, MA :
Name of publisher Intercultural Press,
Year of publication 2007, c2001.
300 ## - PHYSICAL DESCRIPTION
Number of Pages xviii, 153, [13] p.
650 #0 - SUBJECT ADDED ENTRY--TOPICAL TERM
Topical Term Culture shock.
Topical Term Intercultural communication.
Topical Term Assimilation (Sociology)
856 40 - ELECTRONIC LOCATION AND ACCESS
Uniform Resource Identifier http://site.ebrary.com/lib/rucke/Doc?id=10448432

No items available.

© 2026 Rongo University
Contact us: librarian | system librarian | Rongo university